<?xml version="1.0" encoding="UTF-8"?>
<record
    xmlns:xsi="http://www.w3.org/2001/XMLSchema-instance"
    xsi:schemaLocation="http://www.loc.gov/MARC21/slim http://www.loc.gov/standards/marcxml/schema/MARC21slim.xsd"
    xmlns="http://www.loc.gov/MARC21/slim">

  <leader>00759nam a2200241 a 4500</leader>
  <controlfield tag="001">24495</controlfield>
  <controlfield tag="003">CO-ViMGA</controlfield>
  <controlfield tag="008">141112s2004    ck      r     000 u spa d</controlfield>
  <datafield tag="020" ind1=" " ind2=" ">
    <subfield code="a">9789589959510</subfield>
  </datafield>
  <datafield tag="040" ind1=" " ind2=" ">
    <subfield code="a">CO-ViMGA</subfield>
    <subfield code="b">spa</subfield>
    <subfield code="c">CO-ViMGA</subfield>
  </datafield>
  <datafield tag="041" ind1=" " ind2=" ">
    <subfield code="a">SPA</subfield>
  </datafield>
  <datafield tag="090" ind1=" " ind2=" ">
    <subfield code="a">P COL17</subfield>
  </datafield>
  <datafield tag="245" ind1="1" ind2="0">
    <subfield code="a">Colombia en la poes&#xED;a colombiana : </subfield>
    <subfield code="b">los poemas cuentan la historia / </subfield>
    <subfield code="c">Joaqu&#xED;n Mattos Omar...[et.al]</subfield>
  </datafield>
  <datafield tag="250" ind1=" " ind2=" ">
    <subfield code="a">1a ed.</subfield>
  </datafield>
  <datafield tag="260" ind1=" " ind2=" ">
    <subfield code="a">Bogot&#xE1; : </subfield>
    <subfield code="b">Letra a Letra, </subfield>
    <subfield code="c">2011</subfield>
  </datafield>
  <datafield tag="300" ind1=" " ind2=" ">
    <subfield code="a">491 p.</subfield>
  </datafield>
  <datafield tag="650" ind1="1" ind2="4">
    <subfield code="a">AUTORES COLOMBIANOS</subfield>
    <subfield code="9">32</subfield>
  </datafield>
  <datafield tag="650" ind1="1" ind2="4">
    <subfield code="a">COLOMBIA - HISTORIA - POESIA </subfield>
    <subfield code="9">15277</subfield>
  </datafield>
  <datafield tag="650" ind1="1" ind2="4">
    <subfield code="a">LITERATURA COLOMBIANA - COLECCIONES DE ESCRITOS </subfield>
  </datafield>
  <datafield tag="650" ind1="1" ind2="4">
    <subfield code="a">POESIA - COLOMBIA - HISTORIA </subfield>
    <subfield code="9">36407</subfield>
  </datafield>
  <datafield tag="650" ind1="1" ind2="4">
    <subfield code="a">POESIA COLOMBIANA - COLECCIONES </subfield>
  </datafield>
  <datafield tag="942" ind1=" " ind2=" ">
    <subfield code="2">ddc</subfield>
    <subfield code="c">BK</subfield>
  </datafield>
  <datafield tag="999" ind1=" " ind2=" ">
    <subfield code="c">2219</subfield>
    <subfield code="d">2219</subfield>
  </datafield>
  <datafield tag="952" ind1=" " ind2=" ">
    <subfield code="0">0</subfield>
    <subfield code="1">0</subfield>
    <subfield code="2">ddc</subfield>
    <subfield code="4">0</subfield>
    <subfield code="7">0</subfield>
    <subfield code="8">GEN</subfield>
    <subfield code="a">MEGUAMAL</subfield>
    <subfield code="b">MEGUAMAL</subfield>
    <subfield code="c">LIT</subfield>
    <subfield code="d">2023-02-08</subfield>
    <subfield code="l">0</subfield>
    <subfield code="o">P COL17</subfield>
    <subfield code="p">GUA000821</subfield>
    <subfield code="r">2023-02-08 00:00:00</subfield>
    <subfield code="t">Ej.1</subfield>
    <subfield code="w">2023-02-08</subfield>
    <subfield code="y">BKLIT</subfield>
  </datafield>
  <datafield tag="952" ind1=" " ind2=" ">
    <subfield code="0">0</subfield>
    <subfield code="1">0</subfield>
    <subfield code="2">ddc</subfield>
    <subfield code="4">0</subfield>
    <subfield code="7">0</subfield>
    <subfield code="8">GEN</subfield>
    <subfield code="a">MEDORADO</subfield>
    <subfield code="b">MEDORADO</subfield>
    <subfield code="c">LIT</subfield>
    <subfield code="d">2023-02-27</subfield>
    <subfield code="l">0</subfield>
    <subfield code="o">PCOL17</subfield>
    <subfield code="p">DOR02060</subfield>
    <subfield code="r">2023-02-27 00:00:00</subfield>
    <subfield code="t">Ej.1</subfield>
    <subfield code="w">2023-02-27</subfield>
    <subfield code="y">BKLIT</subfield>
  </datafield>
  <datafield tag="952" ind1=" " ind2=" ">
    <subfield code="0">0</subfield>
    <subfield code="1">0</subfield>
    <subfield code="2">ddc</subfield>
    <subfield code="4">0</subfield>
    <subfield code="7">0</subfield>
    <subfield code="8">GEN</subfield>
    <subfield code="a">MESMARTI</subfield>
    <subfield code="b">MESMARTI</subfield>
    <subfield code="c">LIT</subfield>
    <subfield code="d">2023-06-28</subfield>
    <subfield code="l">0</subfield>
    <subfield code="o">P COL17</subfield>
    <subfield code="p">SM0001914</subfield>
    <subfield code="r">2023-06-28 00:00:00</subfield>
    <subfield code="t">Ej.1</subfield>
    <subfield code="w">2023-06-28</subfield>
    <subfield code="y">BKLIT</subfield>
  </datafield>
  <datafield tag="952" ind1=" " ind2=" ">
    <subfield code="0">0</subfield>
    <subfield code="1">0</subfield>
    <subfield code="2">ddc</subfield>
    <subfield code="4">0</subfield>
    <subfield code="7">0</subfield>
    <subfield code="8">GEN</subfield>
    <subfield code="a">MEFTEORO</subfield>
    <subfield code="b">MEFTEORO</subfield>
    <subfield code="c">LIT</subfield>
    <subfield code="d">2023-08-01</subfield>
    <subfield code="l">0</subfield>
    <subfield code="o">P COL17</subfield>
    <subfield code="p">Fo01491</subfield>
    <subfield code="r">2023-08-01 14:13:00</subfield>
    <subfield code="t">Ej.1</subfield>
    <subfield code="w">2023-08-01</subfield>
    <subfield code="y">BKLIT</subfield>
  </datafield>
  <datafield tag="952" ind1=" " ind2=" ">
    <subfield code="0">0</subfield>
    <subfield code="1">0</subfield>
    <subfield code="2">ddc</subfield>
    <subfield code="4">0</subfield>
    <subfield code="7">0</subfield>
    <subfield code="8">GEN</subfield>
    <subfield code="a">MECASTIL</subfield>
    <subfield code="b">MECASTIL</subfield>
    <subfield code="c">LIT</subfield>
    <subfield code="d">2023-08-23</subfield>
    <subfield code="l">0</subfield>
    <subfield code="o">P COL17</subfield>
    <subfield code="p">EC02696</subfield>
    <subfield code="r">2023-08-23 22:10:38</subfield>
    <subfield code="t">Ej.1</subfield>
    <subfield code="w">2023-08-23</subfield>
    <subfield code="y">BKLIT</subfield>
  </datafield>
  <datafield tag="952" ind1=" " ind2=" ">
    <subfield code="0">0</subfield>
    <subfield code="1">0</subfield>
    <subfield code="2">ddc</subfield>
    <subfield code="4">0</subfield>
    <subfield code="7">0</subfield>
    <subfield code="8">003</subfield>
    <subfield code="a">MEVIECAR</subfield>
    <subfield code="b">MEVIECAR</subfield>
    <subfield code="d">2015-12-04</subfield>
    <subfield code="h">27/jun/2012</subfield>
    <subfield code="l">0</subfield>
    <subfield code="o">P COL17</subfield>
    <subfield code="p">25254</subfield>
    <subfield code="r">2018-07-18 00:00:00</subfield>
    <subfield code="t">Ej. 1</subfield>
    <subfield code="w">2015-12-04</subfield>
    <subfield code="y">BK</subfield>
  </datafield>
  <datafield tag="952" ind1=" " ind2=" ">
    <subfield code="0">0</subfield>
    <subfield code="1">0</subfield>
    <subfield code="2">ddc</subfield>
    <subfield code="4">0</subfield>
    <subfield code="7">0</subfield>
    <subfield code="8">GEN</subfield>
    <subfield code="a">MECABUYA</subfield>
    <subfield code="b">MECABUYA</subfield>
    <subfield code="c">LIT</subfield>
    <subfield code="d">2023-09-27</subfield>
    <subfield code="l">0</subfield>
    <subfield code="o">P COL17</subfield>
    <subfield code="p">CAB000787</subfield>
    <subfield code="r">2023-09-27 22:16:00</subfield>
    <subfield code="t">Ej.1</subfield>
    <subfield code="w">2023-09-27</subfield>
    <subfield code="y">BK</subfield>
  </datafield>
  <datafield tag="952" ind1=" " ind2=" ">
    <subfield code="0">0</subfield>
    <subfield code="1">0</subfield>
    <subfield code="2">ddc</subfield>
    <subfield code="4">0</subfield>
    <subfield code="7">0</subfield>
    <subfield code="8">GEN</subfield>
    <subfield code="a">MEMACARE</subfield>
    <subfield code="b">MEMACARE</subfield>
    <subfield code="c">LIT</subfield>
    <subfield code="d">2023-10-02</subfield>
    <subfield code="l">0</subfield>
    <subfield code="o">P COL17</subfield>
    <subfield code="p">LM00495</subfield>
    <subfield code="r">2023-10-02 13:38:32</subfield>
    <subfield code="t">Ej.1</subfield>
    <subfield code="w">2023-10-02</subfield>
    <subfield code="y">BK</subfield>
  </datafield>
  <datafield tag="952" ind1=" " ind2=" ">
    <subfield code="0">0</subfield>
    <subfield code="1">0</subfield>
    <subfield code="2">ddc</subfield>
    <subfield code="4">0</subfield>
    <subfield code="7">0</subfield>
    <subfield code="8">GEN</subfield>
    <subfield code="a">MEMAPIRI</subfield>
    <subfield code="b">MEMAPIRI</subfield>
    <subfield code="c">LIT</subfield>
    <subfield code="d">2024-01-15</subfield>
    <subfield code="l">0</subfield>
    <subfield code="o">P COL17</subfield>
    <subfield code="p">MAP00001436</subfield>
    <subfield code="r">2024-01-15 19:44:45</subfield>
    <subfield code="t">Ej.1</subfield>
    <subfield code="w">2024-01-15</subfield>
    <subfield code="y">BK</subfield>
  </datafield>
  <datafield tag="952" ind1=" " ind2=" ">
    <subfield code="0">0</subfield>
    <subfield code="1">0</subfield>
    <subfield code="4">0</subfield>
    <subfield code="7">0</subfield>
    <subfield code="8">012</subfield>
    <subfield code="a">MEVIGERR</subfield>
    <subfield code="b">MEVIGERR</subfield>
    <subfield code="c">LIT</subfield>
    <subfield code="d">2012-02-02</subfield>
    <subfield code="o">P COL</subfield>
    <subfield code="p">ECA20497</subfield>
    <subfield code="r">2024-11-26 09:50:33</subfield>
    <subfield code="t">Ej.1</subfield>
    <subfield code="w">2024-11-26</subfield>
    <subfield code="y">BK</subfield>
    <subfield code="z">15045 | 19663</subfield>
  </datafield>
  <datafield tag="952" ind1=" " ind2=" ">
    <subfield code="0">0</subfield>
    <subfield code="1">0</subfield>
    <subfield code="4">0</subfield>
    <subfield code="7">0</subfield>
    <subfield code="8">001</subfield>
    <subfield code="a">MEVIGERR</subfield>
    <subfield code="b">MEVIGERR</subfield>
    <subfield code="c">GEN</subfield>
    <subfield code="d">2012-06-07</subfield>
    <subfield code="o">P COL17</subfield>
    <subfield code="p">ECA20876</subfield>
    <subfield code="r">2024-11-26 09:51:04</subfield>
    <subfield code="t">Ej.1</subfield>
    <subfield code="w">2024-11-26</subfield>
    <subfield code="y">BK</subfield>
    <subfield code="z">15524 | 20250</subfield>
  </datafield>
  <datafield tag="952" ind1=" " ind2=" ">
    <subfield code="0">0</subfield>
    <subfield code="1">0</subfield>
    <subfield code="2">ddc</subfield>
    <subfield code="4">0</subfield>
    <subfield code="7">0</subfield>
    <subfield code="8">GEN</subfield>
    <subfield code="a">MEURIBE</subfield>
    <subfield code="b">MEURIBE</subfield>
    <subfield code="c">LIT</subfield>
    <subfield code="d">2025-01-21</subfield>
    <subfield code="l">0</subfield>
    <subfield code="o">P COL17</subfield>
    <subfield code="p">URI02279</subfield>
    <subfield code="r">2025-01-21 16:27:47</subfield>
    <subfield code="t">Ej.1</subfield>
    <subfield code="w">2025-01-21</subfield>
    <subfield code="y">BKLIT</subfield>
  </datafield>
  <datafield tag="952" ind1=" " ind2=" ">
    <subfield code="0">0</subfield>
    <subfield code="1">0</subfield>
    <subfield code="2">ddc</subfield>
    <subfield code="4">0</subfield>
    <subfield code="7">0</subfield>
    <subfield code="a">MEVHERMO</subfield>
    <subfield code="b">MEVHERMO</subfield>
    <subfield code="d">2025-05-08</subfield>
    <subfield code="k">P COL17</subfield>
    <subfield code="l">0</subfield>
    <subfield code="o">P COL17</subfield>
    <subfield code="p">VIST   0001916</subfield>
    <subfield code="r">2025-05-08 14:29:55</subfield>
    <subfield code="t">Ej.1</subfield>
    <subfield code="w">2025-05-08</subfield>
    <subfield code="y">BK</subfield>
  </datafield>
  <datafield tag="952" ind1=" " ind2=" ">
    <subfield code="0">0</subfield>
    <subfield code="1">0</subfield>
    <subfield code="2">ddc</subfield>
    <subfield code="4">0</subfield>
    <subfield code="7">0</subfield>
    <subfield code="a">MEVHERMO</subfield>
    <subfield code="b">MEVHERMO</subfield>
    <subfield code="d">2025-05-08</subfield>
    <subfield code="k">P COL17</subfield>
    <subfield code="l">0</subfield>
    <subfield code="o">P COL17</subfield>
    <subfield code="p">VIST   0001917</subfield>
    <subfield code="r">2025-05-08 14:32:01</subfield>
    <subfield code="t">Ej.1</subfield>
    <subfield code="w">2025-05-08</subfield>
    <subfield code="y">BK</subfield>
  </datafield>
  <datafield tag="952" ind1=" " ind2=" ">
    <subfield code="0">0</subfield>
    <subfield code="1">0</subfield>
    <subfield code="2">ddc</subfield>
    <subfield code="4">0</subfield>
    <subfield code="7">0</subfield>
    <subfield code="8">GEN</subfield>
    <subfield code="a">MEPLOPEZ</subfield>
    <subfield code="b">MEPLOPEZ</subfield>
    <subfield code="c">GEN</subfield>
    <subfield code="d">2025-10-28</subfield>
    <subfield code="l">0</subfield>
    <subfield code="o">P COL17</subfield>
    <subfield code="p">PLZ03919</subfield>
    <subfield code="r">2025-10-28 20:40:49</subfield>
    <subfield code="t">Ej.1</subfield>
    <subfield code="w">2025-10-28</subfield>
    <subfield code="y">BKLIT</subfield>
  </datafield>
</record>
